[Event "FIDE Grand Prix 2017"]
[Site "Ginevra"]
[Date "15.07.2017"]
[Round "9"]
[White "Harikrishna, Pentala"]
[Black "Jakovenko, Dmitry"]
[Result "1/2-1/2"]
[WhiteTitle "GM"]
[BlackTitle "GM"]
[WhiteElo "2737"]
[BlackElo "2703"]
[WhiteFideId "5007003"]
[BlackFideId "4122356"]
[EventDate "2017.07.06"]
[EventType "swiss"]

1. e4 e5 2. Nf3 Nc6 3. Bc4 Bc5 4. c3 Nf6 5. d3 a6 6. O-O d6 7. a4 Ba7 8. Re1 O-O
9. h3 Ne7 10. Nbd2 Ng6 11. d4 c6 12. b4 exd4 13. cxd4 d5 14. Bd3 dxe4 15. Nxe4
Nxe4 16. Bxe4 Be6 17. b5 axb5 18. axb5 Bd5 19. Bxd5 Qxd5 20. bxc6 bxc6 21. Ra6
Qb5 22. Qe2 Rfb8 23. Qxb5 cxb5 24. Bd2 Bb6 25. Rxa8 Rxa8 26. Rb1 Bc7 27. Rxb5
Ra1+ 28. Ne1 Rd1 29. Rb2 Nf4 30. Kf1 Kf8 31. Rc2 Bd6 32. g3 Nd5 33. Ke2 Ra1 34.
Rb2 Ke7 35. Nc2 Ra4 36. Kd3 Ke6 37. Rb5 g6 38. Ne3 Ra3+ 39. Ke2 Nxe3 40. Bxe3
Ra2+ 41. Kf3 h5 42. Ke4 Ra4 43. g4 hxg4 44. hxg4 Bc7 45. f4 Ra1 46. Bd2 Ra2 47.
Be3 Ra1 48. g5 Kd7 49. Rb7 Kc6 50. Rb2 Ra4 51. Rb1 Kd7 52. f5 gxf5+ 53. Kxf5
Ra5+ 54. Ke4 Ra4 55. Rf1 Ke7 56. Bd2 Ra2 57. Kd3 Bd6 58. Bc3 Rg2 59. d5 Rg4 60.
Bf6+ Kd7 61. Ra1 Bc5 62. Ra6 Rg1 63. Rc6 Ba3 64. Rb6 Bc1 65. Rb1 Rg3+ 66. Ke4
Bxg5 67. Be5 Re3+ 68. Kd4 Rf3 69. Ke4 Re3+ 70. Kf5 Be7 71. Rb7+ Ke8 72. d6 Bxd6
73. Bxd6 Re1 74. Bf4 Re7 75. Rb8+ Kd7 76. Kf6 Re1 77. Kxf7 Kc6 78. Kf6 Kd5 79.
Kf5 Re7 80. Rd8+ Kc6 81. Rd6+ Kc5 82. Be5 Rh7 83. Rd1 Rh6 84. Ke4 Rh4+ 85. Bf4
Kc4 86. Rc1+ Kb4 87. Ke5 Kb3 88. Rc8 Rg4 89. Be3 Rc4 90. Rd8 Kc3 91. Bd4+ Kd3
92. Ra8 Rc6 93. Kd5 Rg6 94. Ra3+ Ke2 95. Kc4 Rc6+ 96. Bc5 Re6 97. Kd4 Re8 98.
Ra2+ Kf3 99. Kd3 Re5 100. Bd4 Rf5 101. Ra1 Kf4 102. Re1 Kf3 103. Be5 Kf2 104.
Re2+ Kf3 105. Re3+ Kf2 106. Bg3+ Kg2 107. Ke4 Rf8 108. Be5 Kf2 109. Ra3 Re8 110.
Ra2+ Ke1 111. Rb2 Re7 112. Kd4 Kf1 113. Bf4 Re2 114. Rb3 Kf2 115. Be3+ Kf3 1/2-1/2

[Event "FIDE Grand Prix 2017"]
[Site "Ginevra"]
[Date "15.07.2017"]
[Round "9"]
[White "Inarkiev, Ernesto"]
[Black "Gelfand, Boris"]
[Result "1/2-1/2"]
[WhiteTitle "GM"]
[BlackTitle "GM"]
[WhiteElo "2707"]
[BlackElo "2728"]
[WhiteFideId "4162722"]
[BlackFideId "2805677"]
[EventDate "2017.07.06"]
[EventType "swiss"]

1. d4 Nf6 2. c4 e6 3. Nf3 d5 4. Nc3 c6 5. Bg5 h6 6. Bxf6 Qxf6 7. e3 g6 8. Be2
Bg7 9. e4 O-O 10. e5 Qd8 11. O-O dxc4 12. Bxc4 c5 13. dxc5 Nd7 14. Qe2 Nxc5 15.
Rfd1 Qe7 16. Qe3 b6 17. b4 Na6 18. a3 Bb7 19. Rd6 Rac8 20. Bxa6 Bxa6 21. Rad1
Rfd8 22. Ne4 Rxd6 23. Nxd6 Rd8 24. Rd2 Bb7 25. Nxb7 Rxd2 26. Qxd2 Qxb7 27. h4
Qc7 28. Qe3 a5 29. b5 a4 30. Qd4 Bf8 31. Qxa4 Qc1+ 32. Kh2 Bxa3 33. Qd4 Bc5 34.
Qd8+ Kh7 35. Qf6 Kg8 36. Qd8+ Kh7 37. Qf6 1/2-1/2

[Event "FIDE Grand Prix 2017"]
[Site "Ginevra"]
[Date "15.07.2017"]
[Round "9"]
[White "Svidler, Peter"]
[Black "Hou, Yifan"]
[Result "1-0"]
[WhiteTitle "GM"]
[BlackTitle "GM"]
[WhiteElo "2749"]
[BlackElo "2666"]
[WhiteFideId "4102142"]
[BlackFideId "8602980"]
[EventDate "2017.07.06"]
[EventType "swiss"]

1. c4 e6 2. Nc3 d5 3. d4 Nf6 4. cxd5 Nxd5 5. e4 Nxc3 6. bxc3 c5 7. Rb1 Be7 8.
Nf3 O-O 9. Bc4 Nc6 10. O-O b6 11. d5 Na5 12. Bd3 c4 13. Bc2 exd5 14. exd5 Bb7
15. Re1 Bf6 16. d6 Re8 17. Rxe8+ Qxe8 18. Bf4 Rd8 19. Bf5 g6 20. d7 Qf8 21. Bh3
Be4 22. Rc1 Qc5 23. Qe2 Bf5 24. Rd1 Bxh3 25. gxh3 Kg7 26. Rd6 Bxc3 27. Ng5 Qf5
28. Qe7 h6 29. Ne6+ Kh7 30. Nxd8 Qxf4 31. Nxf7 1-0

[Event "FIDE Grand Prix 2017"]
[Site "Ginevra"]
[Date "15.07.2017"]
[Round "9"]
[White "Eljanov, Pavel"]
[Black "Rapport, Richard"]
[Result "1/2-1/2"]
[WhiteTitle "GM"]
[BlackTitle "GM"]
[WhiteElo "2739"]
[BlackElo "2694"]
[WhiteFideId "14102951"]
[BlackFideId "738590"]
[EventDate "2017.07.06"]
[EventType "swiss"]

1. Nf3 Nf6 2. c4 c6 3. d4 b5 4. Nbd2 bxc4 5. Nxc4 d5 6. Nce5 e6 7. e3 Bd6 8. Bd3
O-O 9. O-O Qb6 10. Qc2 Ba6 11. Bd2 Bxd3 12. Nxd3 Nbd7 13. Rfc1 Rac8 14. b4 Ne4
15. Be1 Qb8 16. Rab1 Qa8 17. Rb3 f6 18. Nc5 Ndxc5 19. dxc5 Bb8 20. Nd4 e5 21.
Nf5 Qb7 22. f3 Ng5 23. e4 a6 24. a4 g6 25. Ne3 dxe4 26. fxe4 Rcd8 27. Rd3 Rd4
28. Rxd4 exd4 29. Qc4+ Kg7 30. Qxd4 Qe7 31. Rd1 Nxe4 32. Nc4 Bc7 33. Qd7 Qxd7
34. Rxd7+ Rf7 35. Rd3 Re7 36. Kf1 f5 37. g3 Kf6 38. Bd2 g5 39. Bc1 Ke6 40. Nd2
Nxd2+ 41. Bxd2 Kf6 42. Kf2 h6 43. h3 Kg6 44. Kf3 h5 45. Kf2 g4 46. h4 Re4 47.
Rd7 Be5 48. Ra7 f4 49. Bxf4 1/2-1/2

[Event "FIDE Grand Prix 2017"]
[Site "Ginevra"]
[Date "15.07.2017"]
[Round "9"]
[White "Aronian, Levon"]
[Black "Salem, A.R. Saleh"]
[Result "1-0"]
[WhiteTitle "GM"]
[BlackTitle "GM"]
[WhiteElo "2809"]
[BlackElo "2638"]
[WhiteFideId "13300474"]
[BlackFideId "9301348"]
[EventDate "2017.07.06"]
[EventType "swiss"]

1. Nf3 Nf6 2. c4 g6 3. Nc3 Bg7 4. e4 d6 5. d4 O-O 6. Be2 e5 7. O-O Nc6 8. d5 Ne7
9. Bd2 Nd7 10. Rc1 h6 11. Ne1 f5 12. Nd3 fxe4 13. Nxe4 Nf5 14. f3 Nf6 15. Ndf2
Nd4 16. Nxf6+ Qxf6 17. Bd3 Bf5 18. Ne4 Qe7 19. Be3 Rae8 20. Qd2 Rf7 21. Rce1 Qf8
22. Bxd4 exd4 23. Ng3 Rxe1 24. Rxe1 Bxd3 25. Qxd3 Re7 26. Rxe7 Qxe7 27. Ne2 c6
28. dxc6 bxc6 29. b3 Kf7 30. g3 Qe3+ 31. Qxe3 dxe3 32. Nf4 h5 33. Kf1 Bh6 34.
Nd3 Ke6 35. Nb4 Kd7 36. Ke2 a5 37. Nc2 Ke6 38. Nd4+ Kd7 39. f4 Bg7 40. Kxe3 d5
41. cxd5 cxd5 42. h3 Bf6 43. g4 hxg4 44. hxg4 g5 45. f5 Kd6 46. Ne6 Be7 47. Kd4
Bf6+ 48. Kd3 Be7 49. Nd4 Bf6 50. a3 Kc5 51. Ne6+ Kb5 52. Nf8 Be7 53. Nh7 Bxa3
54. Nxg5 Kb4 55. Ne6 Kxb3 56. f6 a4 57. g5 Bf8 58. g6 a3 59. Nd4+ Kb2 60. Nc2 1-0